000 00625 a2200205 4500
001 63755
005 20260407155937.0
008 260407a1994 arg spa d
003 AR-UNSa-BCEJYS
040 _aAR-UNSa-BCEJYS
_bspa
_cAR-UNSa-BCEJYS
080 _a657(083)
_xResoluciones Técnicas Contables. Informes
245 1 0 _aResoluciones técnicas 8 y 9 de la FACPCE
_pComentadas
020 _a978-950-791-030-2
264 1 _aBuenos Aires :
_bEdiciones Interoceánicas
_c1994
300 _a95 p.
_c22 cm.
041 _aspa
942 _cBK
590 _aniveau_biblio:m niveau_hierar:0
100 1 _aSánchez Brot, Luis E.
999 _c8315
_d8315